000 00468nam a2200181Ia 4500
003 GCL
008 140319s9999 xx 000 0 aGer d
040 _aGCL /
_cGCL
082 0 4 _a757.5
_bM A
100 1 _aMELECCHI, PIETRO
245 1 0 _aL'ART NELLA SCUOLA /
_cMELECCHI, PIETRO
260 _a[S.N] :
_bISTITUTO ITALIANO DI CULTURA ،
_c1990
300 _a111 P
650 0 4 _aCHILDREN - PAINTING
650 0 4 _aPAINTING
650 0 4 _aART, ITALY
942 _2ddc
_cBK
999 _c12640
_d12640